[Event "High League 2019 m"]
[Site "Yaroslavl"]
[Date "2019.07.04"]
[Round "7.12"]
[White "Belozerov, Andrei"]
[Black "Ponkratov, Pavel"]
[Result "0-1"]
[WhiteElo "2533"]
[BlackElo "2649"]
[PlyCount "90"]
[EventDate "2019.??.??"]

1. e4 c5 2. Nf3 d6 3. d4 cxd4 4. Nxd4 Nf6 5. Nc3 a6 6. f3 e6 7. Be3 b5 8. Qd2
Qc7 9. g4 h6 10. O-O-O b4 11. Nce2 Nbd7 12. h4 Bb7 13. Ng3 d5 14. g5 hxg5 15.
hxg5 Rxh1 16. Nxh1 Nh5 17. g6 Nhf6 18. Nf2 e5 19. gxf7+ Kxf7 20. Nf5 d4 21. Bg5
a5 22. Kb1 a4 23. Nd3 Rc8 24. Qh2 b3 25. cxb3 axb3 26. axb3 Qb6 27. Nxe5+ Nxe5
28. Qxe5 Qxb3 29. Rc1 Qxf3 30. Rc7+ Kg8 31. Bc4+ Kh7 32. Rxc8 Qd1+ 33. Bc1
Bxe4+ 34. Qxe4 Nxe4 35. Bd5 Qd3+ 36. Rc2 Nf6 37. Be6 g6 38. Bg5 gxf5 39. Bxf6
Kg6 40. Bd8 Bh6 41. b3 Qd1+ 42. Kb2 Bd2 43. Bh4 Bc3+ 44. Rxc3 dxc3+ 45. Kxc3
Qf3+ 0-1

[Event "High League 2019 m"]
[Site "Yaroslavl"]
[Date "2019.07.04"]
[Round "7.13"]
[White "Alekseev, Evgeny"]
[Black "Triapishko, Alexandr"]
[Result "1-0"]
[WhiteElo "2645"]
[BlackElo "2512"]
[PlyCount "145"]
[EventDate "2019.??.??"]

1. e4 c6 2. d4 d5 3. exd5 cxd5 4. Bd3 Nf6 5. h3 Nc6 6. c3 g6 7. Nf3 Bf5 8. O-O
Bxd3 9. Qxd3 Bg7 10. Bf4 O-O 11. Nbd2 a6 12. Rfe1 Re8 13. Re2 Qb6 14. Nb3 Ne4
15. Rae1 a5 16. Nc1 a4 17. a3 e6 18. Qd1 Qb5 19. Nd3 Na5 20. Nfe5 Qb3 21. Qb1
Nc4 22. Nxc4 Qxc4 23. Be5 Qb5 24. Bxg7 Kxg7 25. Ne5 Re7 26. Qc1 Nf6 27. Re3 Rf8
28. Rf3 Ng8 29. h4 f6 30. Ng4 h5 31. Ne3 f5 32. Nc2 Nf6 33. Nb4 Ne4 34. Qf4 Qb6
35. Rfe3 e5 36. dxe5 Rd8 37. f3 Nd2 38. Qd4 Qxd4 39. cxd4 Nc4 40. R3e2 f4 41.
Kf2 Ne3 42. Nd3 Nf5 43. Nxf4 Nxd4 44. Rd2 Nf5 45. Rxd5 Rxd5 46. Nxd5 Rd7 47.
Nc3 Nxh4 48. Re4 Nf5 49. Nxa4 h4 50. Nc5 Rd2+ 51. Re2 Rd5 52. Nxb7 Ng3 53. Rc2
Rxe5 54. Nd6 g5 55. Ne4 Nxe4+ 56. fxe4 Rxe4 57. b4 Rf4+ 58. Ke3 Rg4 59. b5 Rg3+
60. Kd4 Rxa3 61. Rb2 Ra8 62. b6 Rb8 63. Kc5 Kf6 64. b7 Kf5 65. Kc6 g4 66. Rb3
Rh8 67. Kc7 Rh7+ 68. Kb6 Rh8 69. Rc3 Rh6+ 70. Rc6 Rh8 71. Rc8 h3 72. gxh3 Rxh3
73. Rc5+ 1-0

[Event "High League 2019 m"]
[Site "Yaroslavl"]
[Date "2019.07.04"]
[Round "7.23"]
[White "Truskavetsky, Alexandr"]
[Black "Vlasenko, Miroslav"]
[Result "0-1"]
[WhiteElo "2398"]
[BlackElo "2417"]
[PlyCount "70"]
[EventDate "2019.??.??"]

1. d4 f5 2. Bg5 g6 3. Nf3 Bg7 4. Nbd2 h6 5. Bf4 d6 6. h3 Nc6 7. d5 e5 8. dxe6
Bxb2 9. Rb1 Qf6 10. e3 g5 11. Bg3 Bxe6 12. c4 Nge7 13. Qc2 Be5 14. Nxe5 dxe5
15. Rxb7 f4 16. Bh2 O-O 17. Ne4 Qg6 18. Bd3 Rad8 19. Nc5 Bf5 20. Bxf5 Rxf5 21.
g4 Rf7 22. Qxg6+ Nxg6 23. O-O Rd2 24. exf4 gxf4 25. Ne6 Re7 26. Nc5 Rxa2 27.
Rd1 Nd4 28. Kf1 Nh4 29. Ne4 Nhf3 30. Bg1 Kf7 31. Rb8 Re2 32. Nc3 Rc2 33. Nd5
Rd7 34. Nb4 Rxc4 35. Rb7 Nxg1 0-1

[Event "High League 2019 m"]
[Site "Yaroslavl"]
[Date "2019.07.04"]
[Round "7.24"]
[White "Mirzaev, Aziz"]
[Black "Najer, Evgeniy"]
[Result "1/2-1/2"]
[WhiteElo "2433"]
[BlackElo "2678"]
[PlyCount "71"]
[EventDate "2019.??.??"]

1. d4 Nf6 2. c4 e6 3. Nf3 d5 4. g3 Bb4+ 5. Bd2 Bd6 6. Bg2 O-O 7. O-O Nbd7 8.
Qc2 c6 9. Rd1 Ne4 10. Nc3 f5 11. Rab1 Qe7 12. Qc1 Nxd2 13. Qxd2 Nf6 14. c5 Bc7
15. b4 Ne4 16. Qc2 Bd7 17. Ne5 Be8 18. e3 Bh5 19. Rf1 a5 20. Nxe4 fxe4 21. b5
Bxe5 22. dxe5 cxb5 23. Rxb5 Be8 24. Rb2 Bc6 25. Rfb1 Rf5 26. Qc3 a4 27. a3 Raf8
28. h4 g5 29. g4 R5f7 30. h5 Rd8 31. Qd4 Rdf8 32. Rc1 Qc7 33. Rcb1 Qe7 34. Rc1
Qc7 35. Rcb1 Qe7 36. Rc1 1/2-1/2

[Event "High League 2019 m"]
[Site "Yaroslavl"]
[Date "2019.07.04"]
[Round "7.27"]
[White "Sadovsky, Artem"]
[Black "Bimiev, Ahmad"]
[Result "1/2-1/2"]
[WhiteElo "2416"]
[BlackElo "2238"]
[PlyCount "91"]
[EventDate "2019.??.??"]

1. Nf3 Nf6 2. c4 c6 3. b3 d5 4. Bb2 g6 5. g3 Bg7 6. Bg2 Bg4 7. h3 Bxf3 8. Bxf3
O-O 9. O-O d4 10. e3 e5 11. exd4 exd4 12. Na3 Qd7 13. Bg2 c5 14. d3 Nc6 15. Nc2
Rfe8 16. Qd2 a5 17. a3 Qd6 18. Rfe1 h5 19. Rxe8+ Rxe8 20. Re1 Rxe1+ 21. Nxe1 b6
22. Nf3 Ne5 23. Bc1 Nxf3+ 24. Bxf3 Nd7 25. Qe2 Qe5 26. Be4 Qe6 27. Kg2 Kf8 28.
Qf3 Ne5 29. Qd1 Kg8 30. Bf4 Qe7 31. Qe2 f5 32. Bd5+ Kh7 33. Kf1 Bf6 34. a4 Kg7
35. h4 Qe8 36. Bc1 Qe7 37. Bf4 Qe8 38. f3 Qe7 39. Bc1 Kf8 40. Bh6+ Ke8 41. Kg2
Kd7 42. Bd2 Ke8 43. Bf4 Kf8 44. Bxe5 Qxe5 45. Qxe5 Bxe5 46. f4 1/2-1/2

[Event "High League 2019 m"]
[Site "Yaroslavl"]
[Date "2019.07.05"]
[Round "8.2"]
[White "Fedoseev, Vladimir"]
[Black "Predke, Alexandr"]
[Result "0-1"]
[WhiteElo "2680"]
[BlackElo "2632"]
[PlyCount "134"]
[EventDate "2019.??.??"]

1. e4 e5 2. Nf3 Nc6 3. Bb5 Nf6 4. d3 d6 5. c3 Be7 6. O-O O-O 7. Re1 a6 8. Ba4
b5 9. Bc2 d5 10. exd5 Qxd5 11. Nbd2 Re8 12. Nf1 h6 13. Qe2 Bf8 14. h3 Be6 15.
Bd2 Qd7 16. Ng3 Rad8 17. Qd1 Bd5 18. Be3 Qc8 19. Nd2 Ne7 20. a4 Ng6 21. axb5
axb5 22. Nge4 Nxe4 23. dxe4 Be6 24. Qh5 c5 25. Nf3 Qc7 26. Nh4 Nxh4 27. Qxh4
Ra8 28. Qg3 Kh8 29. f4 Rxa1 30. Rxa1 exf4 31. Bxf4 Qc6 32. Rd1 b4 33. e5 c4 34.
Rd2 Qa8 35. Kh2 Rd8 36. Be4 Qa5 37. Qe3 Rxd2 38. Qxd2 Be7 39. cxb4 Bxb4 40. Qc2
g5 41. Bg3 Be1 42. Bxe1 Qxe1 43. g3 Qe3 44. Bg2 Qxe5 45. Qf2 Kg7 46. Kg1 f5 47.
Bf3 f4 48. g4 Kf6 49. Kf1 Qd6 50. h4 Qd3+ 51. Kg2 Qe3 52. hxg5+ hxg5 53. Qc2
Bxg4 54. Bxg4 Qg3+ 55. Kf1 Qxg4 56. Qxc4 Qd1+ 57. Kf2 Qd2+ 58. Kf3 Qe3+ 59. Kg2
Kf5 60. Qf7+ Ke4 61. Qg6+ Kd4 62. Qd6+ Kc4 63. Qa6+ Kb3 64. Qb5+ Kc2 65. b4 f3+
66. Kf1 Kb2 67. Qc4 Qd2 0-1

[Event "High League 2019 m"]
[Site "Yaroslavl"]
[Date "2019.07.05"]
[Round "8.3"]
[White "Sjugirov, Sanan"]
[Black "Sakaev, Konstantin"]
[Result "1/2-1/2"]
[WhiteElo "2667"]
[BlackElo "2584"]
[PlyCount "71"]
[EventDate "2019.??.??"]

1. Nf3 d5 2. d4 Nf6 3. Bf4 c5 4. e3 Nc6 5. Nbd2 Bg4 6. c3 e6 7. Qa4 Nd7 8. Ne5
Ndxe5 9. Bxe5 cxd4 10. Bb5 dxe3 11. Bxc6+ bxc6 12. Qxc6+ Ke7 13. fxe3 f6 14.
O-O Kf7 15. h3 Bf5 16. g4 Bd3 17. Nf3 Qe8 18. Qb7+ Kg8 19. Rf2 fxe5 20. Nxe5
Bg6 21. Raf1 Bd6 22. Nxg6 hxg6 23. Rf7 Rh7 24. Rd7 Rb8 25. Qc6 Bf8 26. Rf3 g5
27. Qc7 a5 28. Rdf7 Rxb2 29. Rxf8+ Qxf8 30. Rxf8+ Kxf8 31. Qd8+ Kf7 32. Qd7+
Kf6 33. Qd8+ Kf7 34. Qd7+ Kf6 35. Qd8+ Kf7 36. Qd7+ 1/2-1/2

[Event "High League 2019 m"]
[Site "Yaroslavl"]
[Date "2019.07.05"]
[Round "8.4"]
[White "Khismatullin, Denis"]
[Black "Dreev, Aleksey"]
[Result "0-1"]
[WhiteElo "2618"]
[BlackElo "2657"]
[PlyCount "81"]
[EventDate "2019.??.??"]

1. e4 c5 2. Nf3 e6 3. g3 d5 4. exd5 exd5 5. d4 Nc6 6. Bg2 Bg4 7. O-O cxd4 8. h3
Bxf3 9. Qxf3 Nf6 10. Bg5 Be7 11. Nd2 O-O 12. Bxf6 Bxf6 13. Qxd5 Qxd5 14. Bxd5
Rac8 15. a3 Na5 16. Rac1 Rfd8 17. Be4 d3 18. c3 b5 19. Rfd1 g6 20. Rb1 Rc7 21.
Bg2 Kg7 22. Bf1 Rcd7 23. a4 a6 24. Ra1 Nc4 25. Ra2 Re7 26. Nf3 bxa4 27. Nd2 Nb6
28. Nf3 Nc4 29. Nd2 Nb6 30. Nf3 Rb8 31. Rxd3 Nc4 32. Nd4 Re1 33. Nc2 Rc1 34.
Nb4 Re8 35. Kg2 Ree1 36. Rd1 Ne3+ 37. fxe3 Rcxd1 38. Bc4 Rxe3 39. Kf2 Bg5 40.
h4 Rd2+ 41. Kf1 0-1

[Event "High League 2019 m"]
[Site "Yaroslavl"]
[Date "2019.07.05"]
[Round "8.5"]
[White "Motylev, Alexander"]
[Black "Kokarev, Dmitry"]
[Result "1-0"]
[WhiteElo "2654"]
[BlackElo "2609"]
[PlyCount "69"]
[EventDate "2019.??.??"]

1. e4 c5 2. Nf3 d6 3. d4 cxd4 4. Nxd4 Nf6 5. Nc3 a6 6. Rg1 b5 7. a4 b4 8. Nd5
e6 9. Nxf6+ Qxf6 10. Be3 Bb7 11. Qd2 Bxe4 12. f3 Bd5 13. Bg5 Qe5+ 14. Kf2 Nc6
15. c3 bxc3 16. bxc3 Be7 17. h4 g6 18. Re1 Qg7 19. Bc4 Bxg5 20. hxg5 Bxc4 21.
Nxc6 O-O 22. Qxd6 f6 23. Rh1 Rae8 24. gxf6 Qxf6 25. Ne5 Rc8 26. Nxc4 Rxc4 27.
Rxe6 Qxc3 28. Re7 Qd4+ 29. Qxd4 Rxd4 30. Rhxh7 Rf6 31. Reg7+ Kf8 32. Ra7 Kg8
33. Rhg7+ Kf8 34. Rgc7 Ke8 35. Rh7 1-0

[Event "High League 2019 m"]
[Site "Yaroslavl"]
[Date "2019.07.05"]
[Round "8.6"]
[White "Chigaev, Maksim"]
[Black "Grachev, Boris"]
[Result "1/2-1/2"]
[WhiteElo "2640"]
[BlackElo "2621"]
[PlyCount "156"]
[EventDate "2019.??.??"]

1. e4 c5 2. Nf3 Nc6 3. Bb5 e5 4. O-O Bd6 5. c3 a6 6. Bd3 Nge7 7. Bc2 O-O 8. d3
Bc7 9. Nbd2 d5 10. exd5 Nxd5 11. Re1 Bf5 12. Ne4 b6 13. h3 Nf4 14. Bxf4 exf4
15. a3 Ne5 16. d4 cxd4 17. Nxd4 Bg6 18. Nd2 Re8 19. N2f3 Qf6 20. Bxg6 hxg6 21.
Nxe5 Rxe5 22. Nf3 Rxe1+ 23. Qxe1 b5 24. Rd1 Rd8 25. Rxd8+ Qxd8 26. Qe4 g5 27.
Kf1 g6 28. Ke2 Bb6 29. Qe5 f6 30. Qe6+ Kg7 31. Ne1 Bc5 32. Nd3 Bd6 33. Nc1 Bc5
34. Nd3 Bd6 35. Ne1 a5 36. Nd3 Bf8 37. Qe4 Qd7 38. f3 f5 39. Qd4+ Qxd4 40. cxd4
Kf6 41. Ne5 Ke6 42. Nxg6 Bd6 43. Kd3 a4 44. Kc3 Kd5 45. h4 gxh4 46. Nxh4 Ke6
47. Ng6 Kd5 48. Ne5 Be7 49. Nd3 Bd6 50. Nc1 Be7 51. Ne2 Bd6 52. Kd3 Kc6 53. Kc3
Kb6 54. Nc1 Kc6 55. Na2 Bc7 56. b3 Bd6 57. Nb4+ Kb6 58. bxa4 bxa4 59. Kc4 Bf8
60. Nc2 Kc6 61. Nb4+ Kb6 62. Nd5+ Ka5 63. Nxf4 Bxa3 64. Nd3 Be7 65. g4 fxg4 66.
fxg4 Kb6 67. Nb4 Bg5 68. Nc2 Kc6 69. Nb4+ Kd6 70. Na2 a3 71. Nc3 Bc1 72. Kb3
Be3 73. Kxa3 Bxd4 74. Nb5+ Kd5 75. Nxd4 Kxd4 76. g5 Ke5 77. g6 Kf6 78. g7 Kxg7
1/2-1/2

[Event "High League 2019 m"]
[Site "Yaroslavl"]
[Date "2019.07.05"]
[Round "8.8"]
[White "Ponkratov, Pavel"]
[Black "Esipenko, Andrey"]
[Result "1/2-1/2"]
[WhiteElo "2649"]
[BlackElo "2611"]
[PlyCount "120"]
[EventDate "2019.??.??"]

1. c4 Nf6 2. Nc3 e6 3. e4 d5 4. cxd5 exd5 5. e5 Ne4 6. Nf3 Bf5 7. a3 Be7 8. d4
Nxc3 9. bxc3 c5 10. Bd3 Bxd3 11. Qxd3 O-O 12. O-O Nd7 13. Be3 cxd4 14. cxd4 Nb6
15. Nd2 Qd7 16. f4 f5 17. Rfb1 Rac8 18. Qb5 Rc6 19. a4 Rb8 20. Ra2 a6 21. Qb3
Nc4 22. Nxc4 Rxc4 23. a5 Qc6 24. Qb6 Bd8 25. Qxc6 Rxc6 26. Kf2 Kf7 27. Ke2 Ke6
28. Kd3 b5 29. axb6 Rbxb6 30. Rxb6 Rxb6 31. Bd2 a5 32. Bc3 Ra6 33. Kc2 a4 34.
Bb4 Be7 35. Bxe7 Kxe7 36. Kb2 Rh6 37. Ka3 Rxh2 38. Kxa4 Rh1 39. Kb5 Rc1 40.
Ra7+ Ke6 41. Rxg7 Rb1+ 42. Kc5 Rc1+ 43. Kb6 Rc4 44. g3 Rxd4 45. Rxh7 Rb4+ 46.
Kc5 Rc4+ 47. Kb5 Rc8 48. Rh6+ Ke7 49. Rd6 Rc3 50. g4 fxg4 51. f5 Rc8 52. f6+
Kf7 53. Rd7+ Kg6 54. Rxd5 g3 55. Rd3 Kf5 56. Rxg3 Kxe5 57. f7 Rf8 58. Rf3 Ke6
59. Kc6 Rxf7 60. Rxf7 Kxf7 1/2-1/2

[Event "High League 2019 m"]
[Site "Yaroslavl"]
[Date "2019.07.05"]
[Round "8.9"]
[White "Paravyan, David"]
[Black "Alekseev, Evgeny"]
[Result "1/2-1/2"]
[WhiteElo "2605"]
[BlackElo "2645"]
[PlyCount "115"]
[EventDate "2019.??.??"]

1. e4 c5 2. Nf3 e6 3. d4 cxd4 4. Nxd4 Nc6 5. Nc3 a6 6. Be3 Nf6 7. a3 Qc7 8. f4
d5 9. e5 Nd7 10. h4 Bc5 11. Qd2 Nxd4 12. Bxd4 b5 13. h5 O-O 14. Bxc5 Qxc5 15.
h6 g6 16. Ne2 f6 17. Nd4 Qb6 18. O-O-O fxe5 19. fxe5 Nxe5 20. Qg5 Qd6 21. Re1
Nc4 22. Bxc4 bxc4 23. c3 Bd7 24. Re2 Rae8 25. Rhe1 a5 26. g3 Rf7 27. Kb1 Qe7
28. Qe5 Qf8 29. Rh1 Qe7 30. Rhe1 Qf8 31. Qg5 Qe7 32. Qd2 e5 33. Nc2 Bc6 34. Ne3
Qe6 35. Ka1 Ref8 36. Nc2 e4 37. Qd4 g5 38. Ne3 Qf6 39. Qc5 Qxh6 40. Nxd5 Qe6
41. Ne3 h6 42. Rd2 Rd7 43. Rxd7 Bxd7 44. Qxa5 Rf7 45. Qc5 Qc6 46. Qxc4 Qxc4 47.
Nxc4 Re7 48. Ne3 h5 49. Rh1 Rh7 50. b4 h4 51. gxh4 gxh4 52. c4 Kf7 53. b5 Ke6
54. a4 Kd6 55. a5 Kc5 56. b6 Bc8 57. Kb2 h3 58. Kc3 1/2-1/2

[Event "High League 2019 m"]
[Site "Yaroslavl"]
[Date "2019.07.05"]
[Round "8.10"]
[White "Zvjaginsev, Vadim"]
[Black "Rozum, Ivan"]
[Result "1/2-1/2"]
[WhiteElo "2644"]
[BlackElo "2572"]
[PlyCount "174"]
[EventDate "2019.??.??"]

1. g3 d5 2. Bg2 e5 3. d3 Nf6 4. Nf3 Bd6 5. c4 c6 6. cxd5 cxd5 7. O-O h6 8. d4
e4 9. Ne5 Nbd7 10. f4 exf3 11. exf3 O-O 12. Bf4 Qb6 13. Nxd7 Bxd7 14. Bxd6 Qxd6
15. Nc3 b5 16. Qd2 b4 17. Nd1 Rfc8 18. Ne3 Rc7 19. Rac1 Rac8 20. Rxc7 Rxc7 21.
Rc1 a5 22. Bf1 Ne8 23. Re1 Nf6 24. Bd3 Qb6 25. Bb1 Rc8 26. g4 Qd6 27. Kg2 g6
28. Nf1 Kg7 29. Ng3 Nh7 30. h4 Nf8 31. h5 Ne6 32. Re5 Re8 33. hxg6 fxg6 34. f4
Qb6 35. Bxg6 Kxg6 36. f5+ Kh7 37. fxe6 Rxe6 38. Rh5 Rg6 39. g5 Qd6 40. Qe3 Qe6
41. Qf4 Kg7 42. gxh6+ Kh7 43. Re5 Qh3+ 44. Kf3 Bg4+ 45. Ke3 Be6 46. Rg5 Qxh6
47. Rxg6 Qxg6 48. Qh4+ Kg8 49. Kf4 Qe8 50. Qg5+ Kf7 51. Nf5 Qb8+ 52. Ke3 Qf8
53. Qf4 Qd8 54. Nd6+ Kg6 55. Qe5 Bg8 56. Qg3+ Kh5 57. Nf5 Qe8+ 58. Kd2 Qe4 59.
Qf2 Kg5 60. Nd6 Qf4+ 61. Qe3 Kg4 62. Nb7 a4 63. Nc5 Qh2+ 64. Qe2+ Qxe2+ 65.
Kxe2 Kf4 66. a3 bxa3 67. bxa3 Bf7 68. Kd3 Be8 69. Ne6+ Kf3 70. Kc3 Ke3 71. Nc7
Bc6 72. Na6 Ke4 73. Nc5+ Ke3 74. Nd3 Ke4 75. Ne5 Be8 76. Ng4 Bc6 77. Nf2+ Ke3
78. Nd3 Ke4 79. Ne5 Be8 80. Ng4 Bc6 81. Nf6+ Ke3 82. Ng8 Ke4 83. Ne7 Be8 84.
Nc8 Ke3 85. Nd6 Bc6 86. Nf5+ Ke4 87. Ng3+ Ke3 1/2-1/2

[Event "High League 2019 m"]
[Site "Yaroslavl"]
[Date "2019.07.05"]
[Round "8.24"]
[White "Najer, Evgeniy"]
[Black "Truskavetsky, Alexandr"]
[Result "1-0"]
[WhiteElo "2678"]
[BlackElo "2398"]
[PlyCount "61"]
[EventDate "2019.??.??"]

1. e4 c6 2. d4 d5 3. e5 Bf5 4. Nf3 e6 5. Be2 Ne7 6. O-O h6 7. Nbd2 Nd7 8. c3 g5
9. Re1 Bg7 10. Nf1 O-O 11. Ne3 c5 12. Nxf5 Nxf5 13. Bd3 Qb6 14. g4 Ne7 15. h4
f6 16. exf6 Nxf6 17. dxc5 Qxc5 18. Qe2 Qd6 19. Qxe6+ Qxe6 20. Rxe6 Kf7 21. Re2
Nxg4 22. hxg5 Nc6 23. Bf5 Nge5 24. Nxe5+ Bxe5 25. gxh6 Rg8+ 26. Kh1 Kf6 27. Bh3
d4 28. Bd2 dxc3 29. bxc3 Rad8 30. Rg1 Rh8 31. Bg5+ 1-0

[Event "High League 2019 m"]
[Site "Yaroslavl"]
[Date "2019.07.06"]
[Round "9.1"]
[White "Dreev, Aleksey"]
[Black "Sarana, Alexey"]
[Result "1/2-1/2"]
[WhiteElo "2657"]
[BlackElo "2641"]
[PlyCount "81"]
[EventDate "2019.??.??"]

1. d4 Nf6 2. c4 g6 3. Nc3 d5 4. Nf3 Bg7 5. Bf4 O-O 6. Rc1 dxc4 7. e3 Be6 8. Ng5
Bd5 9. e4 h6 10. exd5 hxg5 11. Bxg5 Nxd5 12. Bxc4 Nb6 13. Bb3 Qxd4 14. Qxd4
Bxd4 15. Nb5 Bxb2 16. Rc2 Be5 17. Nxc7 Bxc7 18. Rxc7 Nc6 19. Rxb7 e6 20. Rc7
Nd4 21. Bd1 Nd5 22. Rc4 e5 23. h4 Rfc8 24. Rxc8+ Rxc8 25. Rh3 Rb8 26. Bb3 Nf4
27. Bxf4 exf4 28. Rd3 Nxb3 29. axb3 Kg7 30. Rd7 Rxb3 31. Rxa7 Rb1+ 32. Ke2 Rh1
33. g3 fxg3 34. fxg3 g5 35. hxg5 Rh5 36. Ra5 Kg6 37. Kf3 Rxg5 38. Ra6+ f6 39.
Ra4 f5 40. Ra6+ Kg7 41. Ra7+ 1/2-1/2

[Event "High League 2019 m"]
[Site "Yaroslavl"]
[Date "2019.07.06"]
[Round "9.2"]
[White "Predke, Alexandr"]
[Black "Motylev, Alexander"]
[Result "1/2-1/2"]
[WhiteElo "2632"]
[BlackElo "2654"]
[PlyCount "80"]
[EventDate "2019.??.??"]

1. d4 Nf6 2. c4 e6 3. Nc3 Bb4 4. Qc2 d5 5. cxd5 exd5 6. Bf4 O-O 7. e3 c5 8.
dxc5 Nc6 9. Nf3 Bxc5 10. Be2 d4 11. exd4 Nxd4 12. Nxd4 Qxd4 13. Bg3 Be6 14. O-O
Rac8 15. Bf3 Qd7 16. Rad1 Qe7 17. a3 Rfd8 18. Rxd8+ Rxd8 19. Rd1 Rxd1+ 20. Qxd1
Bb3 21. Qd2 h6 22. h3 a6 23. Bd1 Bxd1 24. Qxd1 Ne4 25. Nxe4 Qxe4 26. Qg4 f5 27.
Qxe4 fxe4 28. a4 Kf7 29. Be5 h5 30. Kf1 g6 31. Ke2 Ke6 32. Bc3 Kd5 33. b3 b5
34. axb5 axb5 35. Bd2 Bb6 36. Bc3 Bc5 37. Bd2 Bb6 38. Bc3 Bc5 39. Bd2 Bb6 40.
Bc3 Bc5 1/2-1/2

[Event "High League 2019 m"]
[Site "Yaroslavl"]
[Date "2019.07.06"]
[Round "9.4"]
[White "Rakhmanov, Aleksandr"]
[Black "Chigaev, Maksim"]
[Result "1/2-1/2"]
[WhiteElo "2615"]
[BlackElo "2640"]
[PlyCount "56"]
[EventDate "2019.??.??"]

1. Nf3 Nf6 2. g3 g6 3. b3 Bg7 4. Bb2 b6 5. Bg2 Bb7 6. c4 c5 7. O-O O-O 8. Nc3
d6 9. d4 cxd4 10. Qxd4 Nbd7 11. Rac1 Rc8 12. Rfd1 Ne4 13. Qe3 Nxc3 14. Bxc3 Nf6
15. Ne1 Qc7 16. Bxf6 Bxf6 17. Nd3 Bxg2 18. Kxg2 Rfd8 19. Qf3 Bg7 20. h4 h5 21.
a4 e6 22. e3 Qe7 23. Rd2 Rc7 24. Rcd1 Bc3 25. Rc2 Bg7 26. Rcd2 Bc3 27. Rc2 Bg7
28. Rcd2 Bc3 1/2-1/2

[Event "High League 2019 m"]
[Site "Yaroslavl"]
[Date "2019.07.06"]
[Round "9.7"]
[White "Popov, Ivan"]
[Black "Fedoseev, Vladimir"]
[Result "1/2-1/2"]
[WhiteElo "2599"]
[BlackElo "2680"]
[PlyCount "80"]
[EventDate "2019.??.??"]

1. e4 c6 2. d4 d5 3. Nc3 g6 4. h3 Bg7 5. Nf3 dxe4 6. Nxe4 Bf5 7. Ng3 Be6 8. c4
Na6 9. Be2 Nh6 10. O-O Nf5 11. Nxf5 Bxf5 12. Bd3 Bxd3 13. Qxd3 Qd6 14. Qe4 f5
15. Qe2 O-O 16. Be3 Rad8 17. Rad1 h6 18. Rfe1 g5 19. d5 e5 20. dxe6 Qxe6 21.
Rxd8 Rxd8 22. Bxa7 Qxe2 23. Rxe2 Rd1+ 24. Kh2 Kf7 25. g4 fxg4 26. hxg4 Nb4 27.
Ne5+ Kg8 28. a3 Nd3 29. Nxd3 Rxd3 30. a4 Rb3 31. Re7 Bf6 32. Rd7 Bxb2 33. a5
Rb4 34. Bb6 Be5+ 35. Kh3 Rxc4 36. Rxb7 Ra4 37. Ra7 Bd4 38. Kg2 Rb4 39. Bxd4
Rxd4 40. f3 Rd2+ 1/2-1/2

[Event "High League 2019 m"]
[Site "Yaroslavl"]
[Date "2019.07.06"]
[Round "9.10"]
[White "Iljiushenok, Ilia"]
[Black "Zvjaginsev, Vadim"]
[Result "1/2-1/2"]
[WhiteElo "2549"]
[BlackElo "2644"]
[PlyCount "64"]
[EventDate "2019.??.??"]

1. e4 e5 2. Nf3 Nc6 3. Bb5 Nf6 4. d3 d6 5. c3 a6 6. Ba4 g6 7. O-O Bg7 8. h3 O-O
9. Be3 h6 10. Nbd2 Re8 11. Re1 d5 12. d4 exd4 13. Nxd4 Bd7 14. Nxc6 Bxc6 15.
Bxc6 bxc6 16. Qa4 Nxe4 17. Qxc6 Re6 18. Qa4 Nd6 19. Bf4 Qe8 20. Qxe8+ Raxe8 21.
Kf1 d4 22. cxd4 Bxd4 23. Bxh6 Bxb2 24. Rxe6 Rxe6 25. Rb1 Bd4 26. Rc1 Rf6 27.
Nf3 Bb6 28. Be3 Nf5 29. Bf4 Nd6 30. Be3 Nf5 31. Bf4 Nd6 32. Be3 Nf5 1/2-1/2

[Event "High League 2019 m"]
[Site "Yaroslavl"]
[Date "2019.07.06"]
[Round "9.20"]
[White "Najer, Evgeniy"]
[Black "Vlasenko, Miroslav"]
[Result "1-0"]
[WhiteElo "2678"]
[BlackElo "2417"]
[PlyCount "93"]
[EventDate "2019.??.??"]

1. d4 f5 2. Bf4 Nf6 3. e3 e6 4. Nf3 b6 5. h3 Bb7 6. Nbd2 Bd6 7. Bxd6 cxd6 8.
Bd3 Nc6 9. c3 Ne7 10. Qe2 Qc7 11. O-O-O O-O-O 12. Kb1 h6 13. Rc1 Kb8 14. Ne1
Ne4 15. Rg1 Nxd2+ 16. Qxd2 Be4 17. c4 Qb7 18. Qb4 Nc8 19. f3 Bxd3+ 20. Nxd3
Rhe8 21. Qa3 e5 22. dxe5 dxe5 23. c5 Re6 24. Rgd1 e4 25. Nf4 Rc6 26. fxe4 fxe4
27. cxb6 Nxb6 28. Rxc6 Qxc6 29. Rc1 Qf6 30. Qb4 d5 31. a4 Qd6 32. Qb5 Qd7 33.
Rc6 d4 34. Ne6 dxe3 35. Nxd8 Qd1+ 36. Rc1 Qd3+ 37. Ka1 Qxd8 38. Qe5+ Kb7 39.
Qxe4+ Qd5 40. Qxe3 Nxa4 41. Qf3 Nb6 42. Rf1 g6 43. Qxd5+ Nxd5 44. Rf7+ Kb6 45.
Rh7 h5 46. Rg7 Nf4 47. h4 1-0